000 00834nam a2200253Ia 4500
003 OSt
005 20221005104633.0
006 a|||||r|||| 00| 0
007 ta
008 221004b |||||||| |||| 00| 0 hin d
020 _a8181433920 (hbk)
_c450
024 _a105696
037 _b462, 17/03/2011, Vani Prakashan
_cTextual
040 _aCRL
_cCRL
_bhin
041 _2hin
_ahin
082 _aY35v2, 152P5
245 0 _aदीवान ए सहाय 02
_b शहरनामा
246 _aDīvān e sahāya 02: shaharanāmā
260 _aदिल्ली
_bवाणी प्रकाशन भारत
_c2005
300 _a432पृ0
_ccm.
650 _a़समाजशास्त्र
942 _hY35v2, 152P5
_cTEXL
_2cc
999 _c1013317
_d1013317